Statistics for Music by Letter - M

Click here to take the quiz!

General Stats

  • This quiz has been taken 7,689 times
    (7,396 since last reset)
  • The average score is 14 of 20

Answer Stats

Hint Answer % Correct
ABBA smash hit "_____ Mia"Mamma
99%
"Like a Prayer" singerMadonna
96%
Reggae's BobMarley
96%
Pop singer CareyMariah
96%
Color of Adam Levine's 5?Maroon
93%
This Ricky is "Livin' La Vida Loca"Martin
90%
Jazz legend DavisMiles
83%
Orchestra conductor's titleMaestro
77%
Composer who was not really killed by SalieriMozart
71%
Musician's time keeperMetronome
71%
Graceland localeMemphis
70%
He'd do anything for love (but not that)Meat Loaf
68%
Thrash metal band of "Kill 'em All" fameMetallica
66%
City home to La Scala opera houseMilan
66%
Tune, songMelody
65%
What the M stands for in MCMaster
55%
Lute-like bluegrass instrumentMandolin
45%
Handel "Hallelujah" oratorioMessiah
39%
Alt-rock band: 10,000 _______Maniacs
32%
Beatles song "Mean Mr. _______"Mustard
25%

Score Distribution

Percentile by Number Answered

Percent of People with Each Score

Your Score History

You have not taken this quiz since the last reset